[Event "Bundesliga 0607"]
[Site "Germany"]
[Date "2007.04.01"]
[Round "15.1"]
[White "Laznicka, Viktor"]
[Black "McShane, Luke J"]
[Result "1-0"]
[WhiteElo "2596"]
[BlackElo "2614"]
[Annotator "Meyer,CD"]
[PlyCount "123"]
[EventDate "2006.10.28"]
[EventType "team-tourn"]
[EventRounds "15"]
[EventCountry "GER"]
[SourceTitle "CBM 118"]
[Source "ChessBase"]
[SourceDate "2007.05.31"]
[SourceVersion "1"]
[SourceVersionDate "2007.05.31"]
[SourceQuality "1"]
[WhiteTeam "Bann"]
[BlackTeam "Werder Bremen"]
[WhiteTeamCountry "GER"]
[BlackTeamCountry "GER"]

1. d4 Nf6 2. c4 g6 3. f3 {"Anti-Grünfeld"} Bg7 ({I} 3... c5 4. d5 {mit
diversen Übergängen, z.B.} d6 (4... Bg7 5. Nc3 (5. e4 O-O 6. Nh3 d6 7. Nf2 e6 (
7... b5)) 5... O-O 6. e4 {Königsindisch/Sämisch E81 oder Modernes Benoni A65})
5. e4 Bg7 {Königsindisch E60} (5... b5) 6. Ne2 O-O 7. Nec3 Na6 8. Be2 Nc7 9.
Be3 a6 10. a4 Rb8 11. O-O Bd7 12. Na3 Nfe8 13. Qd2 e6 14. a5 b5 15. axb6 Rxb6 {
0-1 Laznicka,V (2596)-Polzin,R (2480)/BL 0607 SF Berlin - SC Bann 2007 (38)}) (
{II} 3... e5 4. dxe5 (4. d5 e4 $1) 4... Nh5 {Königsindisch "Marke Adorjan" 
(E60)}) ({III} 3... d5 {(Hauptvariante Grünfeld-Indisch D70)} 4. cxd5 Nxd5 5.
e4 Nb6 6. Nc3 Bg7) 4. e4 e5 $5 (4... d6 5. Be3 O-O 6. Qd2 c5 {Ward-McShane,
BCF-ch Torquay, 2002}) 5. d5 $146 ({I} 5. dxe5 Nh5 6. Nh3 Bxe5 7. Nf2 Nc6 8.
Nc3 Qh4 9. g3 Qd8 10. f4 Bd4 11. Be2 Ng7 12. O-O d6 13. Bf3 Bh3 14. Re1 Qd7 15.
Nd5 O-O-O 16. Be3 Bxe3 17. Rxe3 Be6 18. Qa4 $16 {1-0 Mitchell,S-Forman,K (2025)
/Coventry 2005/CBM 105 ext (64)}) ({II} 5. Ne2 exd4 6. Nxd4 O-O 7. Nc3 Re8 8.
Be2 c6 9. O-O d5 10. exd5 Nxd5 11. cxd5 Qb6 12. Kh1 Qxd4 13. Qxd4 Bxd4 14. Bc4
Bf5 15. Bg5 Nd7 16. dxc6 bxc6 $11 {1/2-1/2 Mikrut,D (2345)-Paaske,A (2132)/
Krakow 2004/CBM 104 ext (60)}) {Bei dieser höchst ungewöhnlichen Zugfolge
versucht Schwarz, die Auslassung von Nc3 (nebst Übergang zum Sämisch-System)
auf verwegene Weise auszunutzen ...} 5... Nxe4 $6 $146 {Ein wahrer
Husarenstreich! Für das Springeropfer erhält Schwarz zwei Bauern und
Initiative aufgrund der unkoordinierten weißen (Königs-)Stellung, was gerade
für eine praktische Partie einiges Gift birgt.} 6. fxe4 Qh4+ 7. Kd2 ({Der
König entfleucht zum Damenflügel, aber wahrscheinlich sollte er besser auf
seiner Seite bleiben:} 7. Ke2 $5 {, z.B.} Qxe4+ (7... Qg4+ $6 8. Nf3 f5 (8...
Qxe4+ 9. Kf2 d6 10. Nc3 $18) 9. Ke1) 8. Kf2 Qf5+ 9. Qf3 Qc2+ 10. Nd2 f5 (10...
d6 11. Be2 O-O 12. Bd1 Qf5 13. Ne2 $16) 11. Qb3 $16 {, zumal Schwarz dem
Damentausch hier schlecht ausweichen kann.}) 7... Qxe4 8. Qe2 Qh4 9. Nc3 (9. d6
$5 {L. Kritz}) 9... d6 10. Kc2 (10. Nf3 Qe7 11. Kc2 Bf5+ 12. Kb3 $16) 10...
Bf5+ 11. Kb3 c6 12. Be3 b5 $5 ({Rasche Linienöffnung ist vonnöten!} 12... Na6
13. Nf3 Qd8 14. a3 O-O 15. Rd1 $16) 13. cxb5 cxd5 14. g3 $2 ({Die Ursache für
die künftigen Turbulenzen und Unwägbarkeiten. Näherliegend und gut war} 14.
Nxd5 {, obwohl es sich bereits zeigt, daß die Stellung schwierig zu spielen
ist, z.B.:} Be6 (14... O-O 15. Nf3 (15. g3 $2 Qd8 16. Bh3 Be6 $1 17. Rd1 (17.
Bxe6 $2 fxe6 18. Qc4 Nd7 19. Nc7 Rc8 20. Qxe6+ Kh8 21. Na6 d5 22. Rc1 d4) 17...
Nd7 18. Kc2 a6 $44) 15... Qd8 16. Qf2 (16. Rd1 Nd7 17. Qd2 Rc8 (17... a6 18. a3
axb5 19. Ka2) 18. Bc4 $16) (16. Qc4 $5 Nd7 17. Qh4 Qxh4 18. Nxh4 Be6 19. Bc4
Rfb8 20. a4 $16 {/+-}) 16... Nd7 17. Qh4 $16) 15. Rd1 Nd7 (15... Nc6 $2 {
(Kritz)} 16. bxc6 $1 Rb8+ (16... Qe4 17. Qf3 Rb8+ 18. Ka3 Bxd5 19. Qxe4 Bxe4
20. c7 Rc8 21. Rc1 $18) 17. Kc3 Bxd5 18. Rxd5 Qb4+ 19. Kc2 Qxb2+ 20. Kd1 Qa1+
21. Bc1 Bh6 22. Rd2 Rb1 23. Qc4 $18) 16. Nf3 Qd8 17. Ng5 $16 {/+-}) 14... Qd8
15. Bg2 ({Auch nach} 15. Nxd5 {findet der weiße König keine sichere Bleibe.
Jedenfalls scheint der weiße Vorteil sich zu verflüchtigen und wilde
Verwicklungen wachsen den Spielern allmählich über den Kopf:} O-O 16. Bg2 (16.
Bh3 Be6 $1 {wie gehabt}) 16... Nd7 17. Rc1 (17. a4 a6 $44) (17. Nf3 a6 $44) (
17. Nh3 a6 $44 (17... Nc5+ 18. Bxc5 dxc5 19. Qc4 (19. Rad1 $2 c4+ $1 20. Qxc4
Rc8) 19... Rb8 20. a4 Be6 21. Rhd1 a6 $44 (21... f5 $6 22. Ka3 Rf7 23. Qh4 $1
$16) 22. Qxc5 $6 Kh8) 18. g4 Be6 19. Ng5 e4 20. Rhd1 Rb8) 17... a6 $5 $44)
15... d4 $1 {"Surprise-Party а la McShane"! Mit einer derartigen
Opferbereitschaft dürfte der junge Tscheche nicht gerechnet haben.} 16. Bxa8 ({
Freilich nicht} 16. Bxd4 $4 Be6+ 17. Bd5 exd4 18. Bxe6 O-O 19. Bd5 Na6 $1 $17)
16... Nd7 17. Bc6 O-O {Trotz weißer Materialübermacht ist die Lage
unübersichtlicher denn je.} 18. Na4 $2 ({Verhindert zwar ...Nc5+, aber gibt
die feste Kontrolle über d5 auf. Alternativen, z.B.: I} 18. Rd1 Nc5+ (18...
dxe3 $2 19. a3) 19. Kb4 a6 (19... dxe3 $2 20. Qxe3) 20. a4 (20. Nd5 Be4 21. Nf3
Bxd5 22. Bxd5 dxe3) (20. Nf3 axb5) 20... axb5 21. axb5 Qb6 $13) ({II} 18. a4
Be6+ 19. Nd5 (19. Bd5 Nc5+ 20. Ka2 dxc3 21. Bxe6 cxb2 22. Rd1 (22. Qxb2 fxe6 (
22... Nxe6 23. Nf3 Qa8 24. Ng5 Nxg5 25. Bxg5 $16) 23. Ne2 Nxa4 24. Qb3 Rf3 $13)
22... Nxa4 $13 23. Qc4 Qa5 24. Kb3 Nc3 $1 25. Qxc3 Qxb5+ 26. Qb4 b1=Q+ 27. Rxb1
Qd3+ 28. Ka2 fxe6) 19... Nb8 $1 20. Bb7 Nd7 21. Ka3 Nb6 $13) ({III} 18. Bxd7 $6
{(Kritz)} Qxd7 19. Nf3 d5) 18... Be6+ $2 (18... dxe3 $1 19. Ka3 (19. Rd1 Qc7 $5
20. Qxe3 (20. Nf3 a6 $1) 20... a6 $1) 19... d5 $1 20. Rc1 (20. Bxd5 $2 Nb6 21.
Nxb6 (21. Bc4 Qa8 $1 $19) 21... Qxb6 $19 22. b4 (22. Bb3 Qc5+ 23. Ka4 a6) 22...
Rc8) (20. Qxe3 d4 21. Qd2 e4) 20... Nb8 $1 21. Qxe3 Nxc6 22. bxc6 d4 $17 {
und das Bauernduo schreitet munter voran, während Ihre Majestät auf a3
weiterhin höchst luftig steht.}) 19. Ka3 dxe3 20. Nf3 $2 (20. Qxe3 $142 Nb6 21.
Rc1 (21. Nxb6 $6 axb6 22. Ne2 d5 23. b3 Qd6+ 24. Kb2 d4 {/\f5, d3, e4~~}) 21...
d5 22. Nf3 d4 23. Qe2 d3 24. Qd2 a6 (24... f5 $2 25. Nc5 $1 Nc4+ 26. Rxc4 Bxc4
27. Qc3 Bf7 28. Nxe5) 25. bxa6 Nc4+ 26. Rxc4 Bxc4 27. Qe3 $16) 20... d5 21.
Qxe3 Qe7+ $2 (21... d4 $142 $44 22. Qd2 a6 23. bxa6 Nb8 24. Bb7 Nxa6 25. b4 Qd6
) 22. b4 d4 23. Qg5 $6 (23. Qe2 $142) 23... Qd6 24. Rac1 (24. Rhc1 $142) 24...
Nb6 25. Nd2 (25. Nc5 $142) 25... f5 26. Nxb6 axb6 27. Nc4 Qc7 28. Rhe1 d3 29.
Qe3 $2 ({I} 29. g4 $142) ({II} 29. Qd2 $142) 29... Qa7+ 30. Kb3 e4 $17 {
Nachdem Weiß reichlich Chancen ausgelassen hat, ist es an Schwarz, der
plötzlich über eine Traumstellung verfügt, nun die Partieführung zu übernehmen,
doch die beiderseitige Zeitknappheit wird wieder alles auf den Kopf stellen.}
31. g4 ({Die Öffnung der g-Linie sollte jetzt eigentlich zu spät kommen.
Alternativen: I} 31. Qg5 {(zwecks Verhinderung von ...Rd8)} h6 $1 32. Qxg6 Qe7
33. Bxe4 Rf6 (33... d2 $4 34. Bd5 dxc1=N+ 35. Kc2 $18) (33... fxe4 $2 34. Rxe4
d2 35. Rd1 Rf3+ $1 36. Kc2 Rf6 37. Qg4 Qxb4 38. Rxe6 Rg6 39. Qxg6 Qc3+ 40. Kb1
Qa1+ 41. Kc2 Qc3+ $11) 34. Qxg7+ (34. Qh5 $2 fxe4 35. Rxe4 Rf2 36. Rxe6 Qxe6
$19) 34... Kxg7 35. Bxd3 (35. Bd5 $2 d2 $19) 35... Qd7 36. Rc3 Qxb5 $17 37. a3
$17) ({II} 31. Red1 $2 Rd8 $1 32. Bxe4 fxe4 33. Qxe4 Bf7 34. Rxd3 Ra8 $19 35.
Kc2 Qa4+ 36. Kd2 Qxb4+ 37. Kd1 Re8) ({III} 31. a4 $2 Rd8 $1 32. Ka3 Rd4 33. Qd2
Rxc4 34. Rxc4 Bxc4 {(/\Qe7-e5 plus e4-e3-+)} 35. Qc1 Bf7 36. Bxe4 fxe4 37. Qc8+
(37. Rxe4 Qd7 38. Qc6 Qd8) 37... Bf8 38. Qd8 (38. Rxe4 d2 39. Rd4 Qe7) 38...
Qb7) 31... Rd8 $1 32. gxf5 gxf5 33. Rc3 $138 ({Die letzte Chance bestand in
der Abwicklung} 33. Bxe4 $142 d2 34. Bd3 dxe1=Q 35. Rxe1 {, wenngleich nach
dem weiteren} Bf7 36. a4 Qd7 37. Bf1 Re8 38. Qf2 Rc8 $17 {Schwarz aufgrund
eines dominierenden Läuferpaares die Oberhand hat.}) 33... Rd4 $138 (33... Qe7
$142 34. Rg1 (34. Qd2 Rd4 35. a4 Qf7 36. Rec1 f4 $19) 34... Kh8 35. Qc1 d2 36.
Qc2 Qf6 37. Rcg3 Rd4 $19 38. Rxg7 Bxc4+ 39. Ka4 (39. Qxc4 Qxg7 40. Qf1 (40.
Rxg7 d1=Q+) 40... Qf7+) 39... Qxg7) 34. Rg1 Rxc4 $2 $138 ({Der kleine, aber
feine Sidestep} 34... Kh8 $1 {hätte alles klargemacht (/\35...Rxc4 36.Rxc4
Bxc4+ 37.Kxc4 Qxa2# und 35...Qf7-+), z.B.} 35. Rg2 Qf7 36. Qc1 f4 $19 {. Nun
jedoch kann Weiß sich mittels Liquidierung des Läufers g7 leicht aus der
Affäre ziehen.}) 35. Rxg7+ Qxg7 36. Rxc4 Qf7 37. Qg5+ $11 Kf8 38. Qd8+ Kg7 39.
Qg5+ Kf8 40. Qd8+ Kg7 41. Qxb6 $5 (41. Qg5+ $11) 41... Bxc4+ 42. Kc3 {Es ist
nun doch noch nichts mit remis - oder ? Jedenfalls muß Schwarz jetzt aufpassen!
} Bxa2 $2 ({Den friedlichen Ausgang forciert} 42... Qe6 {(auch 42...Qf6+ 43.
Kxc4 Qe6+ 44.Kc5 Qe7+ = bzw. 44.Kc3 Qe5+ =)} 43. a4 (43. Qc7+ Kg6 44. Qg3+ $11)
(43. Qd4+ Kg6 44. Qg1+ Kf7 45. Qa7+ $11) 43... e3 {, und jetzt muß Weiß sich
sputen:} 44. Qc7+ Kg6 45. Qg3+ Kf6 46. Qh4+ $11) 43. Qb7 $1 $16 {/+-  Diesen
gewinnverheißenden Übergang ins Läuferendspiel hatte Schwarz offenbar nicht
gewürdigt: Die weißen Doppelbauern sind effektiver als das schwarze Bauerntrio!
} Qxb7 (43... Bc4 44. Qxf7+ Kxf7 45. b6 $18) 44. Bxb7 e3 (44... Bb1 45. Kd2 e3+
46. Kxe3 Kf6 47. b6 $18) 45. Bf3 $1 ({Jedoch nicht} 45. Kxd3 $2 {wegen} Bc4+
46. Kxe3 Bxb5 {und z.B.} 47. Bc8 Kf6 48. Kf4 Bd3 49. Bd7 $14) 45... Bb1 (45...
d2 46. Kd4 Kf6 47. b6 Bb1 48. Kxe3 Be4 49. Be2 {ist Zugumstellung zur Partie})
46. b6 d2 47. Kd4 (47. Bd1) 47... Be4 48. Be2 Kf6 49. Kxe3 Ke5 50. Kxd2 $18 {
Dieses Finale wird von Weiß mit sauberer Technik abgewickelt.} h6 (50... f4 51.
Bd3) 51. Ba6 Kd6 52. Bd3 Bg2 (52... Bd5 53. Ke3 Kc6 54. Bxf5 Kxb6 55. Bd3 Kc7
56. Kf4 Kd6 57. Kf5 Bf7 58. Kf6 Be8 59. Kg7 h5 60. Bg6) 53. Ke3 Kc6 54. Kf4
Kxb6 55. Kxf5 Bf3 56. Kg6 h5 57. Kg5 Bd1 58. h4 Kc6 59. Bg6 Kb5 60. Bxh5 Bb3
61. Be8+ Kxb4 62. h5 1-0

[Event "Montecatini Terme"]
[Site "Montecatini Terme"]
[Date "2000.08.03"]
[Round "7"]
[White "Minasian, Artashes"]
[Black "Ivanchuk, Vassily"]
[Result "0-1"]
[WhiteElo "2595"]
[BlackElo "2719"]
[Annotator "Hazai,L"]
[PlyCount "140"]
[EventDate "2000.07.28"]
[EventType "tourn"]
[EventRounds "7"]
[EventCountry "ITA"]
[EventCategory "17"]
[SourceTitle "CBM 079"]
[Source "ChessBase"]
[SourceDate "2000.11.21"]
[SourceVersion "1"]
[SourceVersionDate "2000.11.21"]
[SourceQuality "1"]

1. Nf3 Nf6 2. g3 g6 3. Bg2 Bg7 4. O-O O-O 5. d4 d6 6. c4 Nc6 7. d5 Na5 8. Nbd2
b5 $5 {is an interesting tactical try with only a few valid practical examples.
} (8... c5 {is the main line here.}) 9. cxb5 (9. Qc2 $143 bxc4 (9... Nxc4 10.
Nxc4 Bf5 11. Qb3 bxc4 12. Qxc4 {- 9...bxc4}) (9... c5 10. dxc6) 10. Nxc4 Bf5
11. Qa4 Nxc4 12. Qxc4 e6 {blowing up White's [+].}) (9. Nd4 $5 {wants to make
profit from the weakness of c6.} Nxc4 {solves radically the problem of the N
on the edge of the board.} (9... bxc4 10. b4 (10. Qa4 c5 11. dxc6 Qb6 12. N2f3
(12. e3 Rb8 $15) 12... Ne4 $15 {/\ Nc5}) 10... cxb3 (10... Ng4 {leaves N on a5
in the limbo.} 11. Bb2 (11. N2f3 c5 12. dxc6 e5 13. bxa5 exd4 14. Nxd4 Qxa5 15.
c7 d5 $13) 11... Rb8 12. a3 (12. Bc3 Bxd4 13. Bxd4 Rxb4 14. Bc3 Rb5 (14... c5
15. dxc6 $16) 15. a4 Rc5 16. Bb4 Nf6 {Black sacrifices the exchange for some
pawns and a good game.} 17. Bxc5 dxc5 18. e4 c6 $44) (12. Qa4 c5 13. dxc6 Qb6
14. c7 Qxc7 15. Bc3 e5 16. Nc2 Nb7 $13 (16... Nb3 $2 17. axb3 cxb3 18. Qxb3 Be6
19. Qb2 Rfc8 20. Ra3 d5 21. e3 $18)) 12... e5 (12... c5 13. dxc6 e5 14. N4f3 (
14. Nc2 d5 $132) 14... Nxc6 15. h3 (15. Nxc4 $6 d5 $17) 15... c3 16. Bxc3 Nh6
17. Nc4 Nf5 18. Rc1 $14) 13. N4f3 (13. dxe6 c5) 13... Nb3 14. Nxb3 cxb3 15. h3
Nh6 16. Qxb3 f5 17. Rac1 $14) 11. axb3 Nb7 12. Nc6 Qe8 13. Bb2 a6 (13... e6 14.
e4 Bd7 15. Qf3 e5 16. Qc3 $44) 14. Qc2 e6 15. e4 $44) 10. Nxb5 (10. Nxc4 bxc4
11. Qa4 c5 12. dxc6 d5) 10... Nb6 (10... Nxd2 11. Bxd2 $14) 11. Nc3 Rb8 $13)
9... Nxd5 10. Qa4 (10. Rb1 {Now Black has plenty of choices.} c5 (10... Rb8 11.
e4 $1 Nb4 (11... Nb6 12. b4 Nac4 13. Nxc4 Nxc4 14. Nd4 $14) 12. a3 Na2 13. Qc2
$1 Rxb5 14. b4 Nc3 15. bxa5 Nxb1 16. Nxb1 $14 {Kochyev-Kupreichik, Moscow 1989}
) (10... a6 11. e4 Nb6 12. b4 Nac4 13. Nxc4 Nxc4 14. bxa6 Bxa6 15. a4 $14) (
10... Bd7 11. e4 Nb4 12. Nb3 c5 13. Nxa5 Qxa5 14. a3 Na2 15. Bg5 Rfe8 16. e5
Bxb5 17. Qb3 Bxf1 18. Bxf1 Nb4 19. axb4 Qxb4 $13 {Loebler-Sinowjew, Austria
1994}) 11. bxc6 Nxc6 12. Nb3 Nb6 13. Nfd4 Nxd4 14. Nxd4 d5 $13 {
Jussupow-Grivas, Corfu 1999}) (10. Nb3 {allows Black to exchange his N on a5
again.} Nxb3 11. Qxb3 Bb7 (11... Nb6 12. Rd1 Bb7 13. Bg5 c5 14. a4 a5 15. Rac1
(15. bxa6 Bxa6 16. Bxe7 Qxe7 17. Qxb6 Bxe2 18. Qxd6 Qxd6 19. Rxd6 Bxb2 20. Ra2
Rfd8 $13) 15... c4 16. Qa3 h6 17. Be3 d5 18. b3 Rc8 19. Bc5 Rxc5 20. Qxc5 cxb3
$44 {Bunzmann-Enzmann, Halle 1996}) 12. Nd2 e6 13. Nc4 Rb8 14. Rd1 a6 15. e4
Nf6 16. e5 Nd5 17. exd6 axb5 18. dxc7 Qxc7 $11 {Cserna-Adorjan, HUN-ch 1975})
10... Nb7 11. Qh4 (11. Nd4 Nb6 12. Qb4 a6 13. Nc6 Qe8 14. Na5 Qxb5 15. Qxb5
axb5 16. Nxb7 Ra7 {and the N is trapped.} 17. Nxd6 cxd6 $17) (11. Qc2 a6 12.
Nd4 Bxd4 13. Bxd5 axb5 14. Qe4 c6 15. Bxc6 Qb6 16. Nb3 Ra4 17. Nxd4 Rxd4 $13 {
Ujtelky-Stulik, Prague 1955}) 11... e6 12. Qxd8 (12. Rd1 Qxh4 13. Nxh4 Bd7 $13)
12... Rxd8 {Despite of the strong b5 P Black has some pressure on the <<.} (
12... Nxd8 13. e4 Nb4) 13. Nb3 a6 14. e4 $6 {This drives the N to an even
better position.} (14. bxa6 Rxa6 $13) 14... Nb4 15. Bg5 (15. bxa6 Rxa6) 15...
Rd7 (15... f6 16. Bd2) 16. a4 Bxb2 17. Rab1 Bg7 {White has to show something
real for the sacrificed P.} 18. Nbd4 a5 (18... Na2 $5) 19. Nc6 Nc5 20. Nxb4
axb4 21. Rxb4 Rxa4 22. Rxa4 Nxa4 $19 {It became clear, that White has simply
lost valuable material without chances for any counterplay.} 23. e5 dxe5 24.
Nd2 h6 25. Be3 Nc3 26. Ra1 Rd8 27. Ra8 Nxb5 28. Nc4 Kh7 29. Bf1 Nc3 30. Na5 Rh8
31. Ra7 Nd5 32. Bb5 Rd8 33. Ra8 Nxe3 34. fxe3 Bf6 35. Ba4 Bg5 36. Kf2 Rd2+ 37.
Kf3 Ra2 (37... f5 $1) 38. Bc6 Ra3 $6 (38... f5 $1 {was still required.}) 39.
Rxc8 Rxa5 40. Rxc7 Kg8 (40... Kg7 41. Be8 Ra8 42. Rxf7+ Kg8 43. Bc6 Rc8 44. Bb7
Rc3 45. Rd7 Kf8 $17) 41. Be8 e4+ (41... f5 $1 42. e4 Ra3+ 43. Kg2 fxe4 44. Bxg6
Ra2+ 45. Kf1 e3) 42. Kxe4 Rf5 {Perhaps White has some practical chances here,
but he loses without a fight.} 43. h4 Bd8 44. Rd7 Ba5 45. Ra7 Be1 46. g4 Rf6
47. h5 gxh5 48. gxh5 Rf5 49. Kd3 Kf8 50. e4 Rf4 51. Ke3 Bd2+ 52. Kxd2 Kxe8 $19
53. Ke3 Rh4 54. Ra5 Ke7 55. Kf3 Kf6 56. Rb5 e5 57. Ra5 Rxh5 58. Kg4 Kg6 59.
Ra6+ f6 60. Ra8 Rh1 61. Rg8+ Kf7 62. Ra8 h5+ 63. Kf3 Rh4 64. Ke3 Kg7 65. Ra7+
Kh6 66. Ra8 Rh3+ 67. Ke2 Rg3 68. Rh8+ Kg5 69. Rf8 h4 70. Kf2 Rg4 0-1